| 000 | 00517nam a22001697a 4500 | ||
|---|---|---|---|
| 999 |
_c8952 _d8952 |
||
| 008 | 210306b ||||| |||| 00| 0 eng d | ||
| 040 | _aBMS College of Architecture | ||
| 100 | _aK, S, Rakshitha | ||
| 245 | _aNodal center ar Shivajinagar | ||
| 300 | _aNA | ||
| 500 | _a1BM08AT038 | ||
| 502 |
_8B.Arch _NBMS College of Architecture, Visvesvaraya Technological University (VTU) _aProject report _d2013 |
||
| 650 | _aShivajinagar | ||
| 700 |
_aVaseem A S _eGuide |
||
| 700 |
_aSathish S Rao _eGuide |
||
| 942 |
_2ddc _cTHE |
||